Dead by Daylight Killer Perks - Statistics

General Stats
  • This quiz has been taken 331 times
    78 since last reset
  • The average score is 69 of 139
Answer Stats
Killer Answer % Correct
The Hag Hex: Ruin
85%
The Huntress Hex: Huntress Lullaby
78%
The Hillbilly Lightborn
78%
The Trickster Starstruck
78%
The Clown Bamboozle
74%
The Nightmare Blood Warden
74%
Non-Specific Hex: No One Escapes Death
74%
The Clown Pop Goes the Weasel
74%
The Trapper Agitation
70%
The Deathslinger Dead Man's Switch
70%
The Cenobite Hex: Plaything
70%
The Blight Hex: Undying
70%
The Artist Scourge Hook: Pain Resonance
70%
The Demogorgon Surge
70%
The Cannibal Barbecue & Chilli
67%
The Trapper Brutal Strength
67%
The Nemesis Eruption
67%
The Nightmare Fire Up
67%
The Good Guy Friends 'til the End
67%
The Artist Hex: Pentimento
67%
The Good Guy Hex: Two Can Play
67%
The Ghost Face I'm All Ears
67%
The Doctor Monitor & Abuse
67%
The Knight Nowhere to Hide
67%
The Shape Play With Your Food
67%
The Wraith Shadowborn
67%
The Spirit Spirit Fury
67%
The Plague Corrupt Intervention
63%
The Cenobite Deadlock
63%
The Twins Oppression
63%
The Wraith Predator
63%
The Ghost Face Thrilling Tremors
63%
The Xenomorph Alien Instinct
59%
The Nurse A Nurse's Calling
59%
The Good Guy Batteries Included
59%
The Clown Coulrophobia
59%
The Twins Coup de Grâce
59%
The Artist Grim Embrace
59%
The Legion Iron Maiden
59%
The Nemesis Lethal Pursuer
59%
The Legion Mad Grit
59%
The Trickster No Way Out
59%
The Doctor Overcharge
59%
The Shape Save the Best for Last
59%
The Mastermind Superior Anatomy
59%
The Pig Surveillance
59%
The Nurse Thanatophobia
59%
The Skull Merchant THWACK!
59%
The Hillbilly Tinkerer
59%
The First Turn Back the Clock
59%
The Onryō Call of Brine
56%
The Hillbilly Enduring
56%
The Cannibal Franklin's Demise
56%
The Trickster Hex: Crowd Control
56%
The Hag Hex: Devour Hope
56%
The Knight Hex: Face the Darkness
56%
The Spirit Hex: Haunted Ground
56%
The Cannibal Knock Out
56%
The Onryō Merciless Storm
56%
The Animatronic Phantom Fear
56%
The Nightmare Remember Me
56%
The Onryō Scourge Hook: Floods of Rage
56%
The Nurse Stridor
56%
The Mastermind Terminus
56%
The Deathslinger Gearhead
52%
The Blight Hex: Blood Favour
52%
The Hag Hex: The Third Seal
52%
The Pig Make Your Choice
52%
The Oni Nemesis
52%
The Spirit Rancor
52%
The Cenobite Scourge Hook: Gift of Pain
52%
Non-Specific Sloppy Butcher
52%
The Executioner Trail of Torment
52%
The Oni Zanshin Tactics
52%
The Wraith Bloodhound
48%
The Plague Dark Devotion
48%
The Legion Discordance
48%
The Blight Dragon's Grip
48%
The Shape Dying Light
48%
The Knight Hubris
48%
The Nemesis Hysteria
48%
Non-Specific Iron Grasp
48%
The Xenomorph Rapid Brutality
48%
The Dredge Dissolution
44%
The Skull Merchant Game Afoot
44%
The Animatronic Help Wanted
44%
Non-Specific Hex: Thrill of the Hunt
44%
The Plague Infectious Fright
44%
The Singularity Machine Learning
44%
The Doctor Overwhelming Presence
44%
The Pig Scourge Hook: Hangman's Trick
44%
Non-Specific Spies From the Shadows
44%
The Huntress Territorial Imperative
44%
The Unknown Undone
44%
The Trapper Unnerving Presence
44%
Non-Specific Unrelenting
44%
The Lich Weave Attunement
44%
The Dredge Darkness Revealed
41%
The Executioner Deathbound
41%
Non-Specific Deerstalker
41%
The Ghost Face Furtive Chase
41%
The Animatronic Haywire
41%
The First Hex: Hive Mind
41%
The Xenomorph Ultimate Weapon
41%
The Unknown Unbound
41%
Non-Specific Whispers
41%
The Huntress Beast of Prey
37%
The Deathslinger Hex: Retribution
37%
Non-Specific Insidious
37%
Non-Specific Scourge Hook: Monstrous Shrine
37%
The Unknown Unforeseen
37%
Non-Specific Bitter Murmur
33%
The Oni Blood Echo
33%
The Demogorgon Cruel Limits
33%
The Executioner Forced Penance
33%
The Twins Hoarder
33%
The Skull Merchant Leverage
33%
The Demogorgon Mindbreaker
33%
The Houndmaster Scourge Hook: Jagged Compass
33%
The Mastermind Awakened Awareness
30%
The Singularity Genetic Limits
30%
The Ghoul Forever Entwined
26%
The Ghoul Hex: Nothing But Misery
26%
The Dark Lord Hex: Wretched Fate
26%
The Dark Lord Human Greed
26%
The Houndmaster No Quarter
26%
The Dredge Septic Touch
26%
The Lich Dark Arrogance
22%
Non-Specific Distressing
22%
The Dark Lord Dominance
22%
Non-Specific Shattered Hope
22%
The Houndmaster All-Shaking Thunder
19%
The Singularity Forced Hesitation
19%
The Krasue Ravenous
19%
The First Secret Project
19%
The Lich Languid Touch
15%
The Krasue Hex: Overture of Doom
11%
The Ghoul None Are Free
11%
The Krasue Wandering Eye
11%
No matching quizzes found
Score Distribution
Percent of People with Each Score
Percentile by Number Answered
Your Score History
You have not taken this quiz since the last reset